000
00316nam a22001337a 4500
008
210308b ||||| |||| 00| 0 eng d
041
_a
eng
080
_2
1st
_a
721
082
_2
1st
_a
721
100
_a
41
101
_a
NDE
245
_a
Construction (Principles,Materials & Methods)
_c
Schmidt,L.J
942
_2
udc
_c
BK
999
_c
55966
_d
55966